<?xml version='1.0' encoding='UTF-8'?>
  <record xmlns="http://www.loc.gov/MARC21/slim">
    <leader>00000cam a2200000 i 4500</leader>
    <controlfield tag="001">ocm48648871</controlfield>
    <controlfield tag="003">OCoLC</controlfield>
    <controlfield tag="005">20240506081811.2</controlfield>
    <controlfield tag="008">011220s1538    sz            000 0 lat d</controlfield>
    <datafield tag="040" ind1=" " ind2=" ">
      <subfield code="a">GZQ</subfield>
      <subfield code="b">eng</subfield>
      <subfield code="e">rda</subfield>
      <subfield code="e">dcrmr</subfield>
      <subfield code="c">GZQ</subfield>
      <subfield code="d">OCLCG</subfield>
      <subfield code="d">OCLCF</subfield>
      <subfield code="d">OCLCQ</subfield>
      <subfield code="d">OCLCO</subfield>
      <subfield code="d">OCL</subfield>
      <subfield code="d">OCLCA</subfield>
      <subfield code="d">OCL</subfield>
      <subfield code="d">OCLCQ</subfield>
      <subfield code="d">OCLCO</subfield>
      <subfield code="d">OCLCL</subfield>
      <subfield code="d">QGJ</subfield>
    </datafield>
    <datafield tag="035" ind1=" " ind2=" ">
      <subfield code="a">(OCoLC)48648871</subfield>
    </datafield>
    <datafield tag="043" ind1=" " ind2=" ">
      <subfield code="a">a-tu---</subfield>
    </datafield>
    <datafield tag="050" ind1=" " ind2="4">
      <subfield code="a">DR481</subfield>
      <subfield code="b">.S23 1538</subfield>
    </datafield>
    <datafield tag="100" ind1="1" ind2=" ">
      <subfield code="a">Sadoleto, Jacopo,</subfield>
      <subfield code="d">1477-1547,</subfield>
      <subfield code="e">author.</subfield>
      <subfield code="4">aut</subfield>
      <subfield code="1">https://id.oclc.org/worldcat/entity/E39PBJbtmd6RMRGqRJD7RjWRrq</subfield>
    </datafield>
    <datafield tag="240" ind1="1" ind2="0">
      <subfield code="a">Oratio de bello Turcis inferendo</subfield>
    </datafield>
    <datafield tag="245" ind1="1" ind2="0">
      <subfield code="a">Iacobi Sadoleti Episcopi Carpentoracensis, uiri doctissimi, de bello Turcis inferendo, Oratio.</subfield>
      <subfield code="b">eivsdem argvmenti. Othonis Brvnfelsij ad Christianos Principes Oratio. Iacobi Fontani de Rhodi expugnatione Epistola. Petri Nannii Alcmariani Declamatio. Lodovici Vivis De uita Christianorum sub Turca opusculum.</subfield>
    </datafield>
    <datafield tag="264" ind1=" " ind2="1">
      <subfield code="a">Basileae :</subfield>
      <subfield code="b">Per Thomam Plattervm,</subfield>
      <subfield code="c">M. D. XXXVIII. [1538]</subfield>
    </datafield>
    <datafield tag="300" ind1=" " ind2=" ">
      <subfield code="a">[1] leaf, [2], 247, [1] pages, [1] leaf ;</subfield>
      <subfield code="c">16 cm (8vo)</subfield>
    </datafield>
    <datafield tag="336" ind1=" " ind2=" ">
      <subfield code="a">text</subfield>
      <subfield code="b">txt</subfield>
      <subfield code="2">rdacontent</subfield>
    </datafield>
    <datafield tag="337" ind1=" " ind2=" ">
      <subfield code="a">unmediated</subfield>
      <subfield code="b">n</subfield>
      <subfield code="2">rdamedia</subfield>
    </datafield>
    <datafield tag="338" ind1=" " ind2=" ">
      <subfield code="a">volume</subfield>
      <subfield code="b">nc</subfield>
      <subfield code="2">rdacarrier</subfield>
    </datafield>
    <datafield tag="340" ind1=" " ind2=" ">
      <subfield code="m">8vo</subfield>
      <subfield code="2">rdabf</subfield>
    </datafield>
    <datafield tag="500" ind1=" " ind2=" ">
      <subfield code="a">Printer's name from colophon, which reads: Basileae, per Thomam Platterum, anno M. D. XXXVIII. Mense Martio.</subfield>
    </datafield>
    <datafield tag="500" ind1=" " ind2=" ">
      <subfield code="a">Initials.</subfield>
    </datafield>
    <datafield tag="500" ind1=" " ind2=" ">
      <subfield code="a">Signatures: A-O⁸ P⁴ Q⁸; A1v, and Q8v are blank.</subfield>
    </datafield>
    <datafield tag="505" ind1="0" ind2="0">
      <subfield code="g">[1.]</subfield>
      <subfield code="t">Iacobi Sadoleti ... De bello suscipiendo contra Turcas ad Ludovicum Christianissimum Galliarum regem oratio. --</subfield>
      <subfield code="g">[2.]</subfield>
      <subfield code="t">Ad principes et Christianos omnes, vt Rhodiorum atq[ue] aliorum qui a Turca deuastantur Christianorum afflictionibus succuratur /</subfield>
      <subfield code="r">Othonis Brunfelsij ... oratio. --</subfield>
      <subfield code="g">[3.]</subfield>
      <subfield code="t">Ad Adrianum VI. pontificem max. Iacobi Fontani iudicis apellationum populi Rhodiensis de Expugnatione Rhodi Epistola. --</subfield>
      <subfield code="g">[4.]</subfield>
      <subfield code="t">Petri Nannii Alcmariani, in eos qui negant bellum Turcae inferendum, docta simulac Christiana Declamatio. --</subfield>
      <subfield code="g">[5.]</subfield>
      <subfield code="t">Ioannis Ludovici Vivis De conditione vitae Christianorum sub Turca.</subfield>
    </datafield>
    <datafield tag="510" ind1="4" ind2=" ">
      <subfield code="a">Verzeichnis der im deutschen Sprachbereich erschienenen Drucke des 16. Jahrhunderts (VD 16).</subfield>
      <subfield code="c">S 1248</subfield>
      <subfield code="u">https://gateway-bayern.de/VD16+S+1248</subfield>
    </datafield>
    <datafield tag="510" ind1="4" ind2=" ">
      <subfield code="3">Brunfels, Otto. De bello Turcis inferendo ... ad christianos principes oratio:</subfield>
      <subfield code="a">Verzeichnis der im deutschen Sprachbereich erschienenen Drucke des 16. Jahrhunderts (VD 16),</subfield>
      <subfield code="c">B 8467</subfield>
    </datafield>
    <datafield tag="510" ind1="4" ind2=" ">
      <subfield code="3">Fontaine, Jacques. De Rhodi expugnatione epistola:</subfield>
      <subfield code="a">Verzeichnis der im deutschen Sprachbereich erschienenen Drucke des 16. Jahrhunderts (VD 16),</subfield>
      <subfield code="c">6 F 1840</subfield>
    </datafield>
    <datafield tag="510" ind1="4" ind2=" ">
      <subfield code="3">Nanninck, Pieter. Declamatio:</subfield>
      <subfield code="a">Verzeichnis der im deutschen Sprachbereich erschienenen Drucke des 16. Jahrhunderts (VD 16),</subfield>
      <subfield code="c">N 78</subfield>
    </datafield>
    <datafield tag="510" ind1="4" ind2=" ">
      <subfield code="3">Vives, Juan Luis. De vita christianorum sub Turca opusculum:</subfield>
      <subfield code="a">Verzeichnis der im deutschen Sprachbereich erschienenen Drucke des 16. Jahrhunderts (VD 16),</subfield>
      <subfield code="c">V 1815</subfield>
    </datafield>
    <datafield tag="651" ind1=" " ind2="0">
      <subfield code="a">Turkey</subfield>
      <subfield code="x">History</subfield>
      <subfield code="y">1453-1683.</subfield>
    </datafield>
    <datafield tag="651" ind1=" " ind2="0">
      <subfield code="a">Rhodes (Greece : Island)</subfield>
      <subfield code="x">History</subfield>
      <subfield code="y">Siege, 1522.</subfield>
    </datafield>
    <datafield tag="650" ind1=" " ind2="0">
      <subfield code="a">Christians</subfield>
      <subfield code="z">Turkey</subfield>
      <subfield code="v">Early works to 1800.</subfield>
    </datafield>
    <datafield tag="651" ind1=" " ind2="6">
      <subfield code="a">Empire ottoman</subfield>
      <subfield code="x">Histoire</subfield>
      <subfield code="y">1453-1683.</subfield>
    </datafield>
    <datafield tag="650" ind1=" " ind2="7">
      <subfield code="a">Christians</subfield>
      <subfield code="2">fast</subfield>
    </datafield>
    <datafield tag="651" ind1=" " ind2="7">
      <subfield code="a">Greece</subfield>
      <subfield code="z">Rhodes (Island)</subfield>
      <subfield code="2">fast</subfield>
      <subfield code="1">https://id.oclc.org/worldcat/entity/E39PBJwHg93PG6TTM7kFf9rjG3</subfield>
    </datafield>
    <datafield tag="651" ind1=" " ind2="7">
      <subfield code="a">Turkey</subfield>
      <subfield code="2">fast</subfield>
      <subfield code="1">https://id.oclc.org/worldcat/entity/E39PBJxmHG9jJjCTM3y4pFRqcP</subfield>
    </datafield>
    <datafield tag="647" ind1=" " ind2="7">
      <subfield code="a">Siege of Rhodes</subfield>
      <subfield code="c">(Rhodes, Greece (Island) :</subfield>
      <subfield code="d">1522)</subfield>
      <subfield code="2">fast</subfield>
      <subfield code="1">https://id.oclc.org/worldcat/entity/E39Qhp4vB9k8dYfYtPYkBGP4ry</subfield>
    </datafield>
    <datafield tag="648" ind1=" " ind2="7">
      <subfield code="a">1453-1683</subfield>
      <subfield code="2">fast</subfield>
    </datafield>
    <datafield tag="655" ind1=" " ind2="7">
      <subfield code="a">Early works</subfield>
      <subfield code="2">fast</subfield>
    </datafield>
    <datafield tag="655" ind1=" " ind2="7">
      <subfield code="a">History</subfield>
      <subfield code="2">fast</subfield>
    </datafield>
    <datafield tag="700" ind1="1" ind2="2">
      <subfield code="i">Container of (work):</subfield>
      <subfield code="a">Brunfels, Otto,</subfield>
      <subfield code="d">1488-1534.</subfield>
      <subfield code="t">Oratio ad Christianos principes.</subfield>
    </datafield>
    <datafield tag="700" ind1="1" ind2="2">
      <subfield code="i">Container of (work):</subfield>
      <subfield code="a">Fontanus, Jacobus,</subfield>
      <subfield code="d">active 1523-1538.</subfield>
      <subfield code="t">Epistola de expugnatione Rhodi.</subfield>
    </datafield>
    <datafield tag="700" ind1="1" ind2="2">
      <subfield code="i">Container of (work):</subfield>
      <subfield code="a">Nannius, Petrus,</subfield>
      <subfield code="d">1500-1557.</subfield>
      <subfield code="t">Declamatio.</subfield>
    </datafield>
    <datafield tag="700" ind1="1" ind2="2">
      <subfield code="i">Container of (work):</subfield>
      <subfield code="a">Vives, Juan Luis,</subfield>
      <subfield code="d">1492-1540.</subfield>
      <subfield code="t">De conditione vitae Christianorum sub Turca.</subfield>
    </datafield>
    <datafield tag="700" ind1="1" ind2=" ">
      <subfield code="a">Platter, Thomas,</subfield>
      <subfield code="d">1499-1582,</subfield>
      <subfield code="e">printer.</subfield>
      <subfield code="4">prt</subfield>
      <subfield code="1">https://id.oclc.org/worldcat/entity/E39PBJhRBTQTWQWQQ4RYHv6BT3</subfield>
    </datafield>
    <datafield tag="700" ind1="0" ind2=" ">
      <subfield code="a">Louis</subfield>
      <subfield code="b">XII,</subfield>
      <subfield code="c">King of France,</subfield>
      <subfield code="d">1462-1515,</subfield>
      <subfield code="e">addressee.</subfield>
      <subfield code="4">rcp</subfield>
    </datafield>
    <datafield tag="700" ind1="0" ind2=" ">
      <subfield code="a">Adrian</subfield>
      <subfield code="b">VI,</subfield>
      <subfield code="c">Pope,</subfield>
      <subfield code="d">1459-1523,</subfield>
      <subfield code="e">addressee.</subfield>
      <subfield code="4">rcp</subfield>
    </datafield>
    <datafield tag="740" ind1="0" ind2="2">
      <subfield code="a">Jacobi Sadoleti Episcopi Carpentoracensis, viri doctissimi, de bello Turcis inferendo, Oratio.</subfield>
    </datafield>
    <datafield tag="740" ind1="0" ind2="2">
      <subfield code="a">Othonis Brunfelsii ad Christianos principes Oratio.</subfield>
    </datafield>
    <datafield tag="740" ind1="0" ind2="2">
      <subfield code="a">Jacobi Fontani de Rhodi expugnatione Epistola.</subfield>
    </datafield>
    <datafield tag="740" ind1="0" ind2="2">
      <subfield code="a">Lodovici Vivis De vita Christianorum sub Turca opusculum.</subfield>
    </datafield>
    <datafield tag="740" ind1="0" ind2="2">
      <subfield code="a">Oratio ad Christianos principes.</subfield>
    </datafield>
    <datafield tag="740" ind1="0" ind2="2">
      <subfield code="a">Epistola de expugnatione Rhodi.</subfield>
    </datafield>
    <datafield tag="740" ind1="0" ind2="2">
      <subfield code="a">Declamatio.</subfield>
    </datafield>
    <datafield tag="740" ind1="0" ind2="2">
      <subfield code="a">De vita Christianorum sub Turca opusculum.</subfield>
    </datafield>
    <datafield tag="752" ind1=" " ind2=" ">
      <subfield code="a">Switzerland</subfield>
      <subfield code="d">Basel,</subfield>
      <subfield code="e">publication place.</subfield>
      <subfield code="4">pup</subfield>
    </datafield>
    <datafield tag="758" ind1=" " ind2=" ">
      <subfield code="i">has work:</subfield>
      <subfield code="a">Oratio de bello Turcis inferendo (Text)</subfield>
      <subfield code="1">https://id.oclc.org/worldcat/entity/E39PCGbXPcVxJKHYCkbPrDjPkP</subfield>
      <subfield code="4">https://id.oclc.org/worldcat/ontology/hasWork</subfield>
    </datafield>
  </record>